000 00434nam a2200157Ia 4500
008 240729s9999 xx 000 0 und d
022 _a1309-4181
245 0 _aKastamonu Üniversitesi Orman Fakültesi Dergisi
260 _aTürkiye
260 _bKastamonu University
650 _a Forestry
650 _aAgriculture
856 _uhttps://doaj.org/toc/2a43fe4545664a018b50666eeac851bb
942 _2ddc
942 _cDOAJEJ
999 _c68569
_d68569
945 _a1
_bMadushi Gamage
_c1
_dMadushi Gamage